Сборка, конфигурирование, настройка, модернизация и разгон ПК: [Энциклопедия]; пер. с англ.

書誌詳細
第一著者: Вебер Р. Ральф
要約:Исключено из фонда НТБ ТПУ
言語:ロシア語
出版事項: Киев, ДиаСофт, 2003
シリーズ:Энциклопедия пользователя
フォーマット: MixedMaterials 図書
KOHA link:https://koha.lib.tpu.ru/cgi-bin/koha/opac-detail.pl?biblionumber=56198

MARC

LEADER 00000nam0a2200000 4500
001 56198
005 20231031053215.0
010 |a 5937720652 
035 |a (RuTPU)RU\TPU\book\59025 
090 |a 56198 
100 |a 20030925d2003 m y0rusy50 ca 
101 1 |a rus  |c eng 
102 |a UA 
105 |a a f 001zy 
200 1 |a Сборка, конфигурирование, настройка, модернизация и разгон ПК  |e [Энциклопедия]  |e пер. с англ.  |f Р. Вебер 
210 |a Киев  |c ДиаСофт  |d 2003 
215 |a 685 с.  |c ил. 
225 1 |a Энциклопедия пользователя 
320 |a Предметный указатель: с. 680-685. 
333 |a Исключено из фонда НТБ ТПУ 
700 1 |a Вебер  |b Р.  |g Ральф 
801 1 |a RU  |b 63413507  |c 20030925  |g PSBO 
801 2 |a RU  |b 63413507  |c 20150203  |g PSBO 
942 |c BK